| 000 | 00454nam a2200169 i 4500 | ||
|---|---|---|---|
| 001 | 83665 | ||
| 003 | ES-MaACL | ||
| 005 | 20250912063046.0 | ||
| 007 | t| | ||
| 008 | 041118s1963 sp ||||1| spa d | ||
| 100 | 1 |
_aDíaz de la Jara, Jorge, _d1934- _9173700 |
|
| 245 | 1 | 3 |
_aLa ciudad / _cJorge de la Jara. |
| 260 |
_a[Madrid : _bs.n., _c1963] |
||
| 300 |
_a55 p. ; _c25 cm. |
||
| 852 |
_aES-MaACL _jC-23652 _bR.52282 |
||
| 999 |
_c83665 _d83665 |
||